|
|
|
|
| LEADER |
00959naa#a2200361#ar4500 |
| 001 |
000098430 |
| 003 |
SVKKK |
| 005 |
20091112115811.0 |
| 008 |
091112c2007 xo #|0||||||||0|||b|slo |
| FMT |
|
|
|
| 015 |
|
|
|a SNBRA2009/11
|
| 038 |
|
|
|a SVKKK
|
| 040 |
|
|
|a SVKKK
|b slo
|e AACR2
|
| 041 |
0 |
|
|a slo
|
| 044 |
|
|
|a xo
|c SK
|
| 080 |
|
|
|a 17.023.32
|2 1997
|
| 080 |
|
|
|a 265.5
|2 1997
|
| 090 |
|
|
|a III.210734
|
| 100 |
1 |
|
|a Albičuk, Štefan
|4 aut
|
| 245 |
1 |
0 |
|a Rodina a politika rodiny
|c Štefan Albičuk
|
| 300 |
|
|
|b Obr.
|
| 504 |
|
|
|a Bibliogr. odkazy
|
| 650 |
0 |
4 |
|a rodina
|x rodinná politika
|x funkcia rodiny
|
| 650 |
0 |
4 |
|a manželstvo
|
| 650 |
0 |
4 |
|a kresťanské učenie
|
| 773 |
0 |
|
|t Otázky katolíckej morálky v aplikácii na reálie súčasnosti : Zborník I.
|d Košice : Seminár sv. Karola Boromejského, 2007
|g S. 5-18
|z 9788089138746
|
| 958 |
|
|
|a NB
|
| 974 |
|
|
|a Ma
|
| 992 |
|
|
|a RZB
|
| BAS |
|
|
|
| 852 |
|
|
|a SVKKK
|b BIB
|
| EXP |
|
|
|
| 998 |
|
|
|a SLO
|